The Wonder Worker (Record no. 533540)
[ view plain ]
| 000 -LEADER | |
|---|---|
| fixed length control field | 00197nam a22000977a 4500 |
| 040 ## - CATALOGING SOURCE | |
| Transcribing agency | dlc |
| 082 ## - DEWEY DECIMAL CLASSIFICATION NUMBER | |
| Classification number | 823.914 |
| 100 ## - MAIN ENTRY--PERSONAL NAME | |
| Personal name | Susan Howatch |
| 9 (RLIN) | 27483 |
| 245 ## - TITLE STATEMENT | |
| Title | The Wonder Worker |
| 942 ## - ADDED ENTRY ELEMENTS (KOHA) | |
| Source of classification or shelving scheme | |
| Koha item type | Book |
| Withdrawn status | Lost status | Source of classification or shelving scheme | Damaged status | Not for loan | Permanent Location | Current Location | Date acquired | Total Checkouts | Full call number | Barcode | Date last seen | Price effective from | Koha item type |
|---|---|---|---|---|---|---|---|---|---|---|---|---|---|
| School of Civil and Environmental Engineering (SCEE) | School of Civil and Environmental Engineering (SCEE) | 01/10/2020 | 823.914 | NIT-9149 | 01/10/2020 | 01/10/2020 | Book |
